| 000 | 00357nam a22001577a 4500 | ||
|---|---|---|---|
| 003 | OSt | ||
| 008 | 200710b ||||| |||| 00| 0 eng d | ||
| 082 | _a660.6BAI | ||
| 100 | _aBANDELA,M.N | ||
| 245 | _aIndustrial Biotechnology | ||
| 250 | _a2017 | ||
| 260 |
_aNew Delhi _bNirali |
||
| 300 | _a236 | ||
| 650 | _aIndustrial Biotechnology | ||
| 942 |
_2ddc _cBK |
||
| 999 |
_c8776 _d8776 |
||